00749nam a2200181Ia 4500008004100000020001500041041001200056082001600068100001900084245007000103260002500173300000800198650000800206942000700214999001500221952016000236952017100396221030s9999 xx 000 0 und d a8120307135 aEnglish a105.23bVis aT. Viswanathan 0aTelecommunication Switching Systems & Networkscby T. Viswanathan bPHIaNew Delhic1999 a583 aECE cBK c8595d8595 pBE 829g195.00l0o105.23 Visr2024-06-13 00:00:00w2022-10-30yBK003Print4071aMIETLIBbMIETLIBcBL-Second, FL-1, CUP-74, SH-1, R-1d2000-01-2910HBE pBE 830g195.00l0o105.23 Visr2024-06-13 00:00:00w2022-10-30yBK003Print4070aMIETLIBbMIETLIBcBL-Academic Block- A, FL-1, CUP-14, SH-4, R-4d2000-01-2910HBE